Rýchly systém rozpoznávania scény v mikroelektronike

Bibliographic Details
Main Authors: Duda, Peter (Author), Blšťák, Jozef (Author)
Format: Article
Language:Slovak
PhysicalDescription:Sch. 2. Res. rus., nem., angl., lit. 3 zázn. v slov.
Subjects:

MARC

LEADER 00000nab a2200000 a 4500
001 vtls000415683
003 SK-MaSNL
005 20260303210701.0
008 230223c1990 xo 0 slo
015 |a SNBRB19rr/mm-uuuuu 
035 |a CL0415808 
035 |a urn:nbn:sk:snk-aba8zs 
035 |a (urnnbn)urn:nbn:sk:snk:ar-a09l80 
035 |a (uuid)bdae730f-6011-4836-8976-165d19751b1e 
040 |a SNKBUCL  |b slo  |c SNKBUCL  |e AACR2 
041 0 |a slo 
044 |a xo  |c SK 
080 |a 621.3.049.77:621.757:621.397  |2 1981 
080 |a 621.757  |2 1981 
080 |a 621.397  |2 1981 
100 1 |a Duda, Peter  |4 aut  |9 767825 
245 1 0 |a Rýchly systém rozpoznávania scény v mikroelektronike  |c Peter Duda, Jozef Blšťák 
300 |b Sch. 2. Res. rus., nem., angl., lit. 3 zázn. v slov. 
650 0 7 |a čipy (elektrotech.)  |2 snkbucl  |9 965508 
650 0 7 |a automatizovaná montáž  |2 snkbucl  |9 296341 
650 0 7 |a systémy vizuálne rozpoznávacie  |2 snkbucl  |9 1242736 
655 7 |a články z novín a časopisov  |2 snkbucl  |9 267496 
700 1 |a Blšťák, Jozef  |4 aut  |9 1242737 
773 0 |t Trend VUMA  |g Roč. 21, č. 3 (1990), s. 30-40 
850 |a Slovenská národná knižnica v Martine  |a MTA001 
852 |a SNK  |b KIS3GCP 
958 |a OND 
958 |a RK 
958 |a EUIPO 
958 |a article13 
992 |a RBX 
999 |c 2201236  |d 2203166